| 000 | 00491nam a2200193Ia 4500 | ||
|---|---|---|---|
| 005 | 20250423095837.0 | ||
| 008 | 250422s9999 xx 000 0 und d | ||
| 020 | _a9781111343590 | ||
| 050 | _aBF 121 .C66/ | ||
| 100 | _aCoon, Dennis | ||
| 245 | 0 | _aIntroduction to psychology: active learning thruogh modules | |
| 250 | _a12th ed. | ||
| 260 | _aUnited State | ||
| 260 | _bWADSWORTH cengage learning | ||
| 260 | _c2012 | ||
| 300 | _a720 p | ||
| 650 | _aPsychology. | ||
| 942 | _cBK | ||
| 999 |
_c31501 _d31501 |
||